000 00429nam a2200181Ia 4500
001 14143
005 20260306164852.0
008 260306t2016||||xx |||||||||||||| ||spa||
041 _aESP
082 _a509
_bS82
100 _aStörig, Hans Joachim
_eAUT
245 0 _aHistoria universal de la ciencia
260 _c2016
300 _a980 páginas :
_c23 cm.
650 _aGEN
654 _aCCN
942 _cLIB
_dJUS
_fJUS
_2ddc
_n
999 _c14143
_d14143